[Event "División de Honor Aragonesa 2019 - Encuentros por tableros Global"]
[Site ""]
[Date "2019.03.16"]
[Round "8.2"]
[White "Antoli Royo, Joaquin Miguel"]
[Black "Calvo Simon, Jorge"]
[Result "1-0"]
[WhiteElo "2438"]
[BlackElo "2192"]
[PlyCount "0"]
[WhiteTeam "Jaime Casas"]
[BlackTeam "Helios"]
[EventDate "2019.01.26"]

1. d4 Nf6 2. Nf3 g6 3. Nc3 d5 4. Bf4 Bg7 5. Qd2 c5 6. dxc5 Qa5 7. e4 Qxc5 8.
Be3 Qb4 9. a3 Qxb2 10. Ra2 Nxe4 11. Rxb2 Bxc3 12. Qxc3 Nxc3 13. Bd4 O-O 14.
Bxc3 Nc6 15. Bb5 Bd7 16. O-O Rac8 17. Re1 Rfe8 18. Ne5 Nxe5 19. Bxe5 Bxb5 20.
Rxb5 f6 21. Bd4 b6 22. Rxd5 Red8 23. Rxd8+ Rxd8 24. Be3 Rc8 25. Re2 Kf7 26. f4
Rc3 27. Bc1 b5 28. Kf2 a5 29. Bb2 Rc4 30. Ke3 Ke6 31. Kd3+ Kd6 32. Re4 Rc7 33.
Bc3 Ra7 34. g4 1-0

[Event "División de Honor Aragonesa 2019 - Encuentros por tableros Global"]
[Site ""]
[Date "2019.03.16"]
[Round "8.3"]
[White "Guzman Moneo, Alberto"]
[Black "Ramiro Ovejero, Juan Luis"]
[Result "0-1"]
[WhiteElo "2170"]
[BlackElo "2358"]
[PlyCount "0"]
[WhiteTeam "Helios"]
[BlackTeam "Jaime Casas"]
[EventDate "2019.01.26"]

1. c4 e5 2. Nc3 Bb4 3. g3 Bxc3 4. dxc3 d6 5. Nf3 Be6 6. c5 Nc6 7. cxd6 Qxd6 8.
Qxd6 cxd6 9. Bg2 f6 10. Nd2 Nge7 11. O-O O-O-O 12. e4 d5 13. exd5 Bxd5 14. Ne4
f5 15. Ng5 h6 16. Nf3 e4 17. Nd4 Nxd4 18. cxd4 g5 19. Bd2 Nc6 20. Bc3 h5 21. f3
e3 22. f4 g4 23. Rfe1 Rhe8 24. Rad1 b5 25. a3 a5 26. b4 axb4 27. axb4 Bxg2 28.
Kxg2 Ne7 29. d5 Nxd5 30. Be5 Kb7 31. Rd4 Nb6 32. Rxd8 Rxd8 33. Rxe3 Rd2+ 34.
Kg1 Nc4 35. Re1 Rc2 36. Bd4 Nd2 37. Re7+ Kc6 38. Bf2 Kd5 39. Re5+ Kc4 40. Rc5+
Kd3 41. Rxf5 Nf3+ 42. Kg2 h4 43. h3 Nd4 44. Rd5 gxh3+ 45. Kxh3 Rxf2 46. Kxh4
Kc4 47. Rd7 Ne2 48. Rd2 Kc3 49. Ra2 Kxb4 50. Rb2+ Kc4 51. f5 b4 52. f6 Kc3 53.
Rb1 Rxf6 54. g4 b3 55. g5 Rb6 56. Kg4 Kc2 57. Re1 Nc3 58. Kh5 b2 59. g6 b1=Q
60. Rxb1 Rxb1 61. g7 Rg1 62. Kh6 Ne4 63. Kh7 Nf6+ 64. Kh6 Kd3 0-1

[Event "División de Honor Aragonesa 2019 - Encuentros por tableros Global"]
[Site ""]
[Date "2019.03.16"]
[Round "8.4"]
[White "Gines Esteo, Pedro Antonio"]
[Black "Cerrajeria Ruiz, Jesus Maria"]
[Result "1-0"]
[WhiteElo "2318"]
[BlackElo "2137"]
[PlyCount "0"]
[WhiteTeam "Jaime Casas"]
[BlackTeam "Helios"]
[EventDate "2019.01.26"]


1. Nf3 c5 2. b3 Nf6 3. Bb2 g6 4. e4 d6 5. e5 dxe5 6. Nxe5 Bg7 7. Be2 O-O 8. Bf3
Nfd7 9. Nc4 Bxb2 10. Nxb2 Ne5 11. Be2 Qd4 12. c3 Qh4 13. O-O Nbc6 14. a4 Rd8
15. a5 Bf5 16. a6 b6 17. Bb5 Na5 18. Qe2 Nxb3 19. Ra3 Bxb1 20. Rxb3 Bc2 21. Ra3
Qe4 22. Re1 Qxe2 23. Rxe2 Nd3 24. Nc4 e6 25. g3 Nc1 26. Re1 Nd3 27. Rea1 Nb4
28. Rc1 Bd3 29. cxb4 cxb4 30. Rxd3 Rxd3 31. Nxb6 Rad8 32. Bxd3 Rxd3 33. Nc4 e5
34. Rb1 b3 35. Nxe5 Rxd2 36. Rxb3 Ra2 37. Rb8+ Kg7 38. Rb7 Rxa6 39. Rxf7+ Kh6
40. f4 Ra2 41. Ng4+ Kh5 42. Nf6+ 1-0

[Event "División de Honor Aragonesa 2019 - Encuentros por tableros Global"]
[Site ""]
[Date "2019.03.16"]
[Round "8.5"]
[White "Adla, Diego"]
[Black "Del Rey, Diego"]
[Result "1/2-1/2"]
[WhiteElo "2441"]
[BlackElo "2356"]
[PlyCount "0"]
[WhiteTeam "St. Casablanca"]
[BlackTeam "El Olivar"]
[EventDate "2019.01.26"]

1. e4 c6 2. d4 d5 3. exd5 cxd5 4. c3 Nc6 5. Bf4 Nf6 6. Nd2 g6 7. h3 Bg7 8. Ngf3
O-O 9. Be2 Bf5 10. O-O Ne4 11. g4 Nxd2 12. Qxd2 Bd7 13. Rfe1 a6 14. Bf1 b5 15.
Ne5 Nxe5 16. dxe5 e6 17. Bg2 Rc8 18. Rad1 a5 19. a3 Qe7 20. Bg5 Qc5 21. Qf4 Rb8
22. Rd4 Rfc8 23. Bf1 Be8 24. h4 b4 25. axb4 axb4 26. cxb4 Qf8 27. Ra1 Rc7 28.
Ra6 Rcb7 29. Rd6 Bb5 30. Bxb5 Rxb5 31. Kg2 Qc8 32. h5 R5b6 33. Rxb6 1/2-1/2

[Event "División de Honor Aragonesa 2019 - Encuentros por tableros Global"]
[Site ""]
[Date "2019.03.16"]
[Round "8.6"]
[White "Ramo Frontinan, Cristobal"]
[Black "Glavina, Pablo"]
[Result "1/2-1/2"]
[WhiteElo "2328"]
[BlackElo "2397"]
[PlyCount "0"]
[WhiteTeam "El Olivar"]
[BlackTeam "St. Casablanca"]
[EventDate "2019.01.26"]

1. e4 e5 2. Nf3 Nc6 3. Bb5 a6 4. Bxc6 dxc6 5. O-O Bd6 6. d4 exd4 7. Qxd4 f6 8.
Nbd2 Be6 9. Re1 Ne7 10. b3 Ng6 11. Bb2 Qe7 12. Qe3 O-O 13. Nd4 Bf4 14. Qe2 Rad8
15. Nc4 Bc8 16. g3 Bd6 17. Nf5 Qf7 18. Nfxd6 cxd6 19. Ba3 c5 20. Rad1 Qc7 21.
Ne3 Rfe8 22. Nd5 Qf7 23. f4 f5 24. Qg2 b5 25. Bb2 Bb7 26. exf5 Rxe1+ 27. Rxe1
Bxd5 28. fxg6 hxg6 29. Qe2 Kf8 30. Kf2 Ba8 31. Qe3 Qb7 32. Re2 Kg8 33. Qe6+ Kh7
34. Qh3+ Kg8 35. Qe6+ Kh7 36. Qh3+ 1/2-1/2

[Event "División de Honor Aragonesa 2019 - Encuentros por tableros Global"]
[Site ""]
[Date "2019.03.16"]
[Round "8.7"]
[White "Quintin Navarro, Alberto"]
[Black "Villuendas Valero, Adrian"]
[Result "1-0"]
[WhiteElo "2391"]
[BlackElo "2249"]
[PlyCount "0"]
[WhiteTeam "St. Casablanca"]
[BlackTeam "El Olivar"]
[EventDate "2019.01.26"]

1. e4 c5 2. Nf3 d6 3. d4 cxd4 4. Qxd4 a6 5. Be3 Nc6 6. Qb6 Qxb6 7. Bxb6 g6 8.
Nc3 Nf6 9. Nd5 Nxd5 10. exd5 Nb4 11. O-O-O Bf5 12. c3 Rc8 13. a3 Nc2 14. Bd3
Nxa3 15. Bxf5 Bh6+ 16. Be3 Bxe3+ 17. fxe3 gxf5 18. bxa3 Rxc3+ 19. Kd2 Rxa3 20.
Ra1 Rxa1 21. Rxa1 Kd7 22. Rb1 Rb8 23. Nd4 b5 24. Nxf5 Rg8 25. g3 Rg5 26. e4 e6
27. Ne3 Rg8 28. Ra1 Ra8 29. Nc2 a5 30. Nd4 b4 31. Nc6 a4 32. Nxb4 Ra5 33. Kc3
h5 34. Ra3 f5 35. exf5 exf5 36. Kd4 Ra8 37. Nd3 Re8 38. Kc3 Re4 39. Kd2 h4 40.
Nf4 hxg3 41. hxg3 Rb4 42. Ne2 Ke7 43. Nc3 Rg4 44. Nxa4 Rd4+ 45. Ke3 Rxd5 46.
Nc3 Rc5 47. Ne2 Kf6 48. Ra8 Re5+ 49. Kf3 Rb5 50. Rf8+ Ke7 51. Rc8 Kf6 52. Nd4
Rd5 53. Rc4 Ra5 54. Rb4 Kg5 55. Rb3 Rd5 56. Ne6+ Kf6 57. Nf4 Ra5 58. Re3 Re5
59. Rd3 Ra5 60. Rxd6+ Kf7 61. Ng2 Ra1 62. Ne3 Ra3 63. Kf4 Ke7 64. Nxf5+ Kf7 65.
g4 Ra1 66. Kg5 Ra7 67. Rf6+ Kg8 68. Rb6 Kf7 69. Rb7+ 1-0

[Event "División de Honor Aragonesa 2019 - Encuentros por tableros Global"]
[Site ""]
[Date "2019.03.16"]
[Round "8.8"]
[White "Melendez Fierro, Juan Bautista"]
[Black "Chueca Lorente, Javier"]
[Result "0-1"]
[WhiteElo "2108"]
[BlackElo "2167"]
[PlyCount "0"]
[WhiteTeam "El Olivar"]
[BlackTeam "St. Casablanca"]
[EventDate "2019.01.26"]

1. e4 e5 2. Nf3 Nc6 3. Bb5 a6 4. Bxc6 dxc6 5. O-O Bd6 6. d3 Bg4 7. Nbd2 Ne7 8.
h3 Bh5 9. Nc4 f6 10. Be3 Bf7 11. Nfd2 Qd7 12. f4 b5 13. Nxd6+ cxd6 14. a4 exf4
15. Bxf4 O-O 16. Qf3 Ng6 17. Kh1 d5 18. Qg3 Rfe8 19. Bd6 Rad8 20. Bc5 Qe6 21.
axb5 cxb5 22. b4 Ne5 23. exd5 Rxd5 24. Ne4 Bg6 25. Rae1 Qc6 26. Nc3 Rdd8 27.
Qf2 Nd7 28. d4 Nxc5 29. Rxe8+ Rxe8 30. dxc5 a5 31. bxa5 Re5 32. Rd1 Rxc5 33.
Rd8+ Kf7 34. Nd1 Bxc2 35. a6 Bxd1 36. Rxd1 Rc2 37. Qg3 Rc3 38. Qg4 Rc1 39. a7
b4 40. Qd4 b3 41. a8=Q Rxd1+ 42. Qxd1 Qxa8 43. Qxb3+ Kg6 44. Qg3+ Kf7 45. Qc7+
Kg8 46. Qc4+ Kh8 47. h4 Qa1+ 48. Kh2 Qe5+ 49. Kh3 h5 50. Qc8+ Kh7 51. Qc2+ Kh6
52. g3 Qe6+ 53. Kh2 f5 54. Qd2+ Kh7 55. Qd1 Qa2+ 56. Kh3 Qf7 57. Qc2 Qg6 58.
Qf2 Qg4+ 59. Kh2 Kh6 60. Qb6+ Kh7 61. Qb1 Qe2+ 62. Kh3 Qe4 63. Qc1 Qg4+ 64. Kh2
f4 65. gxf4 Qxh4+ 66. Kg2 Qg4+ 67. Kh2 h4 68. Qe3 Kg6 69. Qe8+ Kh7 70. Qe4+ Kh6
71. Qc6+ g6 72. Qf6 Qg3+ 73. Kh1 Kh5 0-1

[Event "División de Honor Aragonesa 2019 - Encuentros por tableros Global"]
[Site ""]
[Date "2019.03.16"]
[Round "8.9"]
[White "Baron Rodriguez, Jesus"]
[Black "Ereza Vizcarra, Fernando"]
[Result "1-0"]
[WhiteElo "2416"]
[BlackElo "2059"]
[PlyCount "0"]
[WhiteTeam "Ibercaja"]
[BlackTeam "Jaque"]
[EventDate "2019.01.26"]

1. Nf3 d5 2. c4 c6 3. g3 Bf5 4. b3 Nf6 5. Bb2 e6 6. Bg2 Be7 7. O-O h6 8. d4 O-O
9. Nbd2 Nbd7 10. e3 Ne4 11. Qe2 Bg4 12. h3 Bh5 13. g4 Bg6 14. Nxe4 Bxe4 15. Ne5
Bxg2 16. Kxg2 Nxe5 17. dxe5 dxc4 18. Qxc4 Qd5+ 19. Qxd5 cxd5 20. Rfc1 Rfc8 21.
Kf3 Kf8 22. Rxc8+ Rxc8 23. Rc1 Rxc1 24. Bxc1 Bb4 25. Bb2 a5 26. h4 Ke8 27. h5
Kd7 28. Ke2 Kc6 29. Kd3 Be7 30. Bc3 Bb4 31. f4 Bxc3 32. Kxc3 Kc5 33. f5 b5 34.
f6 gxf6 35. exf6 Kd6 36. g5 Ke5 37. gxh6 Kxf6 38. Kd4 1-0

[Event "División de Honor Aragonesa 2019 - Encuentros por tableros Global"]
[Site ""]
[Date "2019.03.16"]
[Round "8.10"]
[White "Escartin Lacasa, Jose"]
[Black "Lopez Gracia, Fernando"]
[Result "0-1"]
[WhiteElo "1976"]
[BlackElo "2293"]
[PlyCount "0"]
[WhiteTeam "Jaque"]
[BlackTeam "Ibercaja"]
[EventDate "2019.01.26"]

1. d4 Nf6 2. Nf3 g6 3. Bf4 Bg7 4. e3 d6 5. Be2 O-O 6. O-O Nh5 7. Bg5 h6 8. Bh4
g5 9. Nfd2 Nf4 10. exf4 gxh4 11. c3 c5 12. dxc5 dxc5 13. Nf3 Qb6 14. Qc2 Qf6
15. Qe4 Nc6 16. Bd3 Rd8 17. Na3 Be6 18. Rfe1 Rd7 19. Nc4 Rad8 20. Rad1 Bf5 21.
Qxf5 Qxf5 22. Bxf5 Rxd1 23. Ne3 Rxe1+ 24. Nxe1 e6 25. Bc2 b5 26. h3 b4 27. Nd3
bxc3 28. bxc3 Bxc3 29. Nxc5 Bd4 30. Nd3 a5 31. Kf1 Nb4 32. Nxb4 axb4 33. Ke2
Bxe3 34. fxe3 Rc8 35. Bb3 Rc3 36. Kf3 Kg7 37. Ke2 Kf6 38. Kf3 Kf5 39. Ba4 Kf6
40. Bb3 Kg6 41. Ke2 Rc1 42. Kf2 Kf6 43. Ke2 Ke7 44. Kf3 Rc3 45. Kf2 f5 46. Kf3
Kd6 47. Kf2 Ke7 48. Kf3 Kf6 49. Kf2 e5 50. Kf3 exf4 51. Kxf4 Rc1 52. Kf3 Ke5
53. Kf2 Ke4 54. Ba4 Rc3 55. Bd1 Kd3 56. Ba4 Rc2+ 0-1

[Event "División de Honor Aragonesa 2019 - Encuentros por tableros Global"]
[Site ""]
[Date "2019.03.16"]
[Round "8.11"]
[White "Torcal Miguel, Oscar"]
[Black "Buisan Zaharia, Pedro"]
[Result "1-0"]
[WhiteElo "2084"]
[BlackElo "1918"]
[PlyCount "0"]
[WhiteTeam "Ibercaja"]
[BlackTeam "Jaque"]
[EventDate "2019.01.26"]

1. e4 d6 2. d4 Nf6 3. Nc3 e5 4. Nf3 Nbd7 5. Bc4 Be7 6. O-O O-O 7. Re1 c6 8. a4
b6 9. b3 a6 10. Bb2 Qc7 11. Bd3 Rb8 12. Ne2 b5 13. Ng3 Re8 14. Qd2 c5 15. dxc5
dxc5 16. axb5 axb5 17. c4 b4 18. Nf5 Bf8 19. N3h4 h6 20. g3 Kh7 21. Ne3 Nb6 22.
Nd5 Nbxd5 23. exd5+ Kg8 24. f4 Bd6 25. fxe5 Bxe5 26. Rxe5 Rxe5 27. Qf4 Ng4 28.
Nf3 g5 29. Bxe5 1-0

[Event "División de Honor Aragonesa 2019 - Encuentros por tableros Global"]
[Site ""]
[Date "2019.03.16"]
[Round "8.12"]
[White "Buisac Anadon, Pablo"]
[Black "Villalba Embid, Marcos"]
[Result "1/2-1/2"]
[WhiteElo "1864"]
[BlackElo "2020"]
[PlyCount "0"]
[WhiteTeam "Jaque"]
[BlackTeam "Ibercaja"]
[EventDate "2019.01.26"]

1. d4 Nf6 2. Nf3 g6 3. c4 Bg7 4. Nc3 O-O 5. e4 d6 6. Be3 c6 7. Be2 e5 8. dxe5
dxe5 9. Qxd8 Rxd8 10. O-O Na6 11. Rfd1 Be6 12. Ng5 Bg4 13. f3 Bd7 14. c5 h6 15.
Bxa6 bxa6 16. Nh3 Bxh3 17. gxh3 Bf8 18. Kf2 Nh5 19. Ke2 Ng7 20. Rxd8 Rxd8 21.
Rd1 Rxd1 22. Nxd1 Ne6 23. b4 a5 24. a3 axb4 25. axb4 f5 26. Nb2 f4 27. Bf2 Kf7
28. Nc4 Kf6 29. Be1 Nd4+ 30. Kf2 Ke6 31. Bc3 Nc2 32. Ke2 Bg7 33. Kd3 Ne3 34.
Nxe3 fxe3 35. Kxe3 g5 36. Kd3 a6 37. Kc4 Bf6 38. Kb3 Kd7 39. Ka4 Kc7 40. h4 Kc8
41. hxg5 hxg5 42. Kb3 Kd7 43. Kc4 Ke6 44. Kd3 Kf7 45. Ke2 Kg6 46. Kf2 Kh5 47.
Kg3 Bg7 48. Bd2 Bf6 49. Kg2 Bd8 50. Kf1 Kg6 51. Ke2 Kf7 52. Kd3 Ke6 53. Kc4 Be7
54. Kb3 Kf7 1/2-1/2

[Event "División de Honor Aragonesa 2019 - Encuentros por tableros Global"]
[Site ""]
[Date "2019.03.16"]
[Round "8.13"]
[White "Lana Rodriguez, David"]
[Black "Van Ojik, Mark"]
[Result "0-1"]
[WhiteElo "2334"]
[BlackElo "2285"]
[PlyCount "0"]
[WhiteTeam "Agrupacion"]
[BlackTeam "ONCE C.A. Aragon"]
[EventDate "2019.01.26"]

1. e4 e5 2. Nf3 Nc6 3. Bb5 a6 4. Bxc6 dxc6 5. O-O Bd6 6. d4 exd4 7. Qxd4 f6 8.
Rd1 Bg4 9. Nc3 Bxf3 10. gxf3 Ne7 11. f4 Ng6 12. Qc4 Qd7 13. f5 Ne5 14. Qe2 g5
15. Qh5+ Qf7 16. Qxf7+ Nxf7 17. Be3 O-O-O 18. Bd4 Be5 19. Ne2 h5 20. Kg2 Rde8
21. Re1 Nd6 22. f3 g4 23. Bxe5 Rxe5 24. Nf4 gxf3+ 25. Kxf3 Rhe8 26. Ne6 Rg8 27.
Re2 b6 28. Nf4 Nf7 29. Nxh5 Ng5+ 30. Kf4 Nh3+ 31. Ke3 Rg5 32. Ng3 0-1

[Event "División de Honor Aragonesa 2019 - Encuentros por tableros Global"]
[Site ""]
[Date "2019.03.16"]
[Round "8.14"]
[White "Gavin Roche, Enrique"]
[Black "Barrantes Munoz, Hugo Pedro"]
[Result "1-0"]
[WhiteElo "2220"]
[BlackElo "2200"]
[PlyCount "0"]
[WhiteTeam "ONCE C.A. Aragon"]
[BlackTeam "Agrupacion"]
[EventDate "2019.01.26"]

1. d4 d5 2. c4 e6 3. Nc3 Be7 4. cxd5 exd5 5. Bf4 c6 6. e3 Bf5 7. Nge2 Nf6 8.
Ng3 Be6 9. Bd3 O-O 10. Nf5 Bxf5 11. Bxf5 c5 12. dxc5 Nc6 13. O-O Bxc5 14. Rc1
d4 15. Nb5 Qb6 16. a4 Ne8 17. Qc2 Be7 18. Bxh7+ Kh8 19. Be4 Nb4 20. Qe2 Nf6 21.
Bc7 1-0

[Event "División de Honor Aragonesa 2019 - Encuentros por tableros Global"]
[Site ""]
[Date "2019.03.16"]
[Round "8.15"]
[White "Lacruz Algarate, Alvaro"]
[Black "Laliena Solanes, Luis"]
[Result "0-1"]
[WhiteElo "2144"]
[BlackElo "2177"]
[PlyCount "0"]
[WhiteTeam "Agrupacion"]
[BlackTeam "ONCE C.A. Aragon"]
[EventDate "2019.01.26"]

1. e4 c6 2. d4 d5 3. Nd2 dxe4 4. Nxe4 Bf5 5. Ng3 Bg6 6. N1e2 e6 7. Nf4 Qc7 8.
h4 Bd6 9. Nfh5 Bxh5 10. Nxh5 g6 11. Qg4 Qa5+ 0-1

[Event "División de Honor Aragonesa 2019 - Encuentros por tableros Global"]
[Site ""]
[Date "2019.03.16"]
[Round "8.16"]
[White "Cobo Garrido, Diego Israel"]
[Black "Moreno Martin-Viveros, Alvaro"]
[Result "0-1"]
[WhiteElo "2084"]
[BlackElo "2082"]
[PlyCount "0"]
[WhiteTeam "ONCE C.A. Aragon"]
[BlackTeam "Agrupacion"]
[EventDate "2019.01.26"]

1.e4 e5 2.Nf3 Nc6 3.Bb5 Nf6 4.d3 Bc5 5.c3 d6 6.O-O O-O 7.Bg5 h6 8.Be3 Bb6 9.Nbd2 Ne7 10.d4 Ng6 
11.a4 c6 12.Bd3 a5 13.Qc2 Bc7 14.b4 Ng4 15.Nc4 Nh4 16.Be2 axb4 17.Nxh4 Qxh4 18.Bxg4 Bxg4 19.dxe5 b3 
20.Qxb3 Be6 21.f3 Ba5 22.Rfd1 Rfb8 23.Bf2 Qg5 24.exd6 b5 25.axb5 cxb5 26.Nxa5 Bxb3 27.Nxb3 Rxa1 
28.Rxa1 Qe5 29.Nd4 Qc5 30.Nf5 Qxc3 31.Bd4 Qc2 32.Bxg7 b4 33.Bf6 b3 34.Nd4 Qc5 35.d7 b2 36.Rb1 Qc1+ 
37.Rxc1 bxc1=Q+ 38.Kf2 Rb2+ 39.Ne2 Rxe2+ 40.Kxe2 Qc2+ 41.Ke1 Qb1+ 42.Kd2 Qb4+ 43.Ke2 Qb5+ 
44.Ke1 Qxd7 45.e5 Qa7 46.Kf1 Kh7 47.h3 Kg6  0-1

[Event "División de Honor Aragonesa 2019 - Encuentros por tableros Global"]
[Site ""]
[Date "2019.03.16"]
[Round "8.17"]
[White "Sacristan Latorre, Alberto"]
[Black "Romero Pallares, Daniel"]
[Result "0-1"]
[WhiteElo "2080"]
[BlackElo "2190"]
[PlyCount "0"]
[WhiteTeam "Palacio de Pioneros B"]
[BlackTeam "Palacio de Pioneros A"]
[EventDate "2019.01.26"]

1. b3 Nf6 2. Bb2 g6 3. e4 d6 4. g3 Bg7 5. Bg2 O-O 6. Ne2 c5 7. O-O Nc6 8. d4
cxd4 9. Nxd4 Bg4 10. Ne2 Qa5 11. h3 Qh5 12. Nbc3 Bxh3 13. Bxh3 Qxh3 14. Nf4 Qg4
15. Re1 Rac8 16. Ncd5 Qxd1 17. Raxd1 Nxd5 18. Bxg7 Kxg7 19. exd5 Ne5 20. Re2 b5
21. Nd3 Nxd3 22. Rxd3 Rfe8 23. Rd4 a5 24. c4 bxc4 25. bxc4 Rc7 26. Rde4 Kf8 27.
Rb2 Rec8 28. Rb5 Rxc4 29. Rxc4 Rxc4 30. Rxa5 Rc5 31. Ra8+ Kg7 32. a4 Rxd5 33.
a5 Kf6 34. a6 Ra5 35. Kg2 Ra3 36. g4 e6 37. f3 d5 38. a7 Ke5 39. Kg3 Kd4 40.
Kf4 f6 41. Kg3 e5 42. Kf2 Ra2+ 43. Kg3 f5 44. gxf5 gxf5 45. Kh4 e4 46. fxe4
fxe4 47. Kg3 Ke3 48. Rd8 Rxa7 49. Rxd5 Rg7+ 50. Kh3 Kf3 51. Rf5+ Ke2 52. Kh2 e3
53. Rf6 Ke1 54. Kh1 e2 55. Kh2 Rd7 0-1

[Event "División de Honor Aragonesa 2019 - Encuentros por tableros Global"]
[Site ""]
[Date "2019.03.16"]
[Round "8.18"]
[White "Palacios Herrero, Pablo"]
[Black "Gomez Salinas, Nestor"]
[Result "1-0"]
[WhiteElo "2173"]
[BlackElo "1999"]
[PlyCount "0"]
[WhiteTeam "Palacio de Pioneros A"]
[BlackTeam "Palacio de Pioneros B"]
[EventDate "2019.01.26"]

1. e4 c5 2. Nf3 d6 3. d4 cxd4 4. Nxd4 Nf6 5. Nc3 a6 6. Be3 Ng4 7. Bg5 h6 8. Bh4
g5 9. Bg3 Bg7 10. h3 Nf6 11. Nf5 Bxf5 12. exf5 Qa5 13. Bd3 Nd5 14. O-O Nxc3 15.
bxc3 Bxc3 16. Qf3 Nd7 17. Rab1 Nc5 18. Be4 Nxe4 19. Qxe4 Bf6 20. Rxb7 O-O 21.
f4 Qxa2 22. fxg5 hxg5 23. h4 Rac8 24. hxg5 Rc4 25. Qf3 Bxg5 26. f6 Bxf6 27.
Bxd6 Qxc2 28. Bxe7 Bd4+ 29. Kh1 Qh7+ 30. Qh3 Qxh3+ 31. gxh3 Rfc8 32. Bd6 f6 33.
Rf4 Ba1 34. Rxc4 Rxc4 35. Ra7 Rc6 36. Bb4 Be5 37. Kg2 Rc4 38. Be1 Ra4 39. h4
Bd4 40. Rd7 Be5 41. Ra7 Ra3 42. h5 Ra1 43. Bb4 Ra4 44. Be1 Bf4 45. Bc3 Bg5 46.
h6 Ra2+ 47. Kf1 Bh4 48. Bd4 Rd2 49. Rd7 Ra2 50. Rg7+ Kh8 51. Rg4 Rh2 52. Kg1
Bg3 53. Bxf6+ Kh7 54. Rxg3 Rxh6 55. Rg7+ Kh8 56. Rg6+ Kh7 57. Rg7+ Kh8 58. Ba1
a5 59. Kg2 a4 60. Kg1 a3 61. Rg6+ Kh7 62. Rg7+ Kh8 63. Kf1 a2 64. Rg6+ Kh7 65.
Rg7+ Kh8 66. Ra7+ Kg8 67. Rxa2 Rh1+ 68. Kg2 Rd1 69. Ra7 Rd3 70. Be5 Kf8 71. Bg3
Ke8 72. Kh3 Rd7 73. Ra6 Rd4 74. Bb8 Kd7 75. Kg3 Rb4 76. Bf4 Rc4 77. Rd6+ Ke7
78. Rh6 Kd7 79. Kg4 Rc6 80. Rh1 Re6 81. Kf5 Re2 82. Rc1 Re8 83. Rc7+ Kd8 84.
Ra7 Re2 85. Be5 Kc8 86. Ke6 Re1 87. Rc7+ Kd8 88. Rb7 Rc1 89. Rb8+ Rc8 90. Rb1
Rc6+ 91. Bd6 Rc2 92. Rb8+ Rc8 93. Rb2 Rc1 94. Bg3 Rc6+ 95. Bd6 Rc1 96. Rh2 Re1+
97. Be5 Kc8 98. Rb2 1-0

[Event "División de Honor Aragonesa 2019 - Encuentros por tableros Global"]
[Site ""]
[Date "2019.03.16"]
[Round "8.19"]
[White "Sacristan Latorre, Carlos"]
[Black "Baquedano Coarasa, Pablo"]
[Result "0-1"]
[WhiteElo "1697"]
[BlackElo "2169"]
[PlyCount "0"]
[WhiteTeam "Palacio de Pioneros B"]
[BlackTeam "Palacio de Pioneros A"]
[EventDate "2019.01.26"]

1. b3 Nf6 2. Bb2 g6 3. e4 d6 4. g3 Bg7 5. Bg2 O-O 6. Ne2 c5 7. O-O Nc6 8. d4
cxd4 9. Nxd4 Qb6 10. Ne2 Bd7 11. h3 Rac8 12. Nd2 Rfd8 13. Kh2 Qa6 14. Nc4 b5
15. Ne3 Ng4+ 16. Nxg4 Bxb2 17. Rb1 Bg7 18. Ne3 Qxa2 19. f4 Qa6 20. Qd2 b4 21.
g4 Qb5 22. f5 Qc5 23. g5 Be5+ 24. Kh1 e6 25. f6 Bc3 26. Nxc3 bxc3 27. Qd3 Nb4
28. Qc4 Bb5 29. Qxc5 Rxc5 30. Rf4 Rxg5 31. h4 Rc5 32. Rd1 Nc6 33. Kg1 h5 34.
Kf2 e5 35. Rf3 Nd4 36. Rg3 Bc6 37. Ra1 a5 38. Bh1 Kh7 39. Rgg1 Re8 40. Ke1 Re6
41. Rf1 Kh6 42. Kd1 g5 43. hxg5+ Kxg5 44. Rg1+ Kxf6 45. Rf1+ Ke7 46. Nf5+ Kf8
47. Rg1 Rf6 48. Ne3 Ke7 49. Rg5 Rg6 0-1

[Event "División de Honor Aragonesa 2019 - Encuentros por tableros Global"]
[Site ""]
[Date "2019.03.16"]
[Round "8.20"]
[White "Dan, Teodor"]
[Black "Crespo Laborda, Alberto"]
[Result "1-0"]
[WhiteElo "2064"]
[BlackElo "1480"]
[PlyCount "0"]
[WhiteTeam "Palacio de Pioneros A"]
[BlackTeam "Palacio de Pioneros B"]
[EventDate "2019.01.26"]

1. d4 f5 2. Bf4 Nf6 3. e3 e6 4. Bd3 d5 5. c4 c6 6. Nc3 Bb4 7. Qc2 Ne4 8. Nge2
O-O 9. O-O Bd7 10. a3 Be7 11. f3 Nxc3 12. Nxc3 Rf6 13. e4 dxe4 14. fxe4 fxe4
15. Bxe4 h6 16. Rad1 Be8 17. b4 a5 18. Qb3 axb4 19. axb4 Bg6 20. Bxg6 Rxg6 21.
b5 Ra3 22. Qb2 Qa5 23. Bd2 Bf6 24. Ne4 Ra2 25. Qb1 Bxd4+ 26. Kh1 1-0

[Event "División de Honor Aragonesa 2019 - Encuentros por tableros Global"]
[Site ""]
[Date "2019.03.16"]
[Round "8.21"]
[White "Abril Avellanas, Eduardo"]
[Black "Llanes Luno, Ricardo"]
[Result "1-0"]
[WhiteElo "2160"]
[BlackElo "2201"]
[PlyCount "0"]
[WhiteTeam "Atletismo Huesca"]
[BlackTeam "Delicias"]
[EventDate "2019.01.26"]

1. d4 d5 2. c4 c6 3. Nf3 Nf6 4. Nc3 g6 5. cxd5 cxd5 6. Bf4 Bg7 7. e3 Nc6 8. Be2
O-O 9. h3 Ne4 10. O-O Nxc3 11. bxc3 Na5 12. Nd2 f6 13. e4 e5 14. dxe5 fxe5 15.
Bg3 Be6 16. Bf3 d4 17. cxd4 Qxd4 18. Qe2 Rac8 19. Rfd1 Rc2 20. Nb3 Qc3 21. Qb5
Nc6 22. Bg4 Bxg4 23. hxg4 a5 24. Rd7 Qb4 25. Qd5+ Kh8 26. Nd2 Qd4 27. Nb3 Qxd5
28. exd5 Nd4 29. Bh4 g5 30. Nxd4 exd4 31. Bxg5 Rfxf2 32. Rd8+ Bf8 33. Bh6 Rxg2+
34. Kf1 Rgf2+ 35. Kg1 Kg8 36. Rd1 Rf6 37. g5 Rff2 38. Rxd4 Rxa2 39. Re4 Rg2+
40. Kf1 Rgf2+ 41. Ke1 Rf5 42. Ree8 Raf2 43. d6 Rf1+ 44. Ke2 R1f2+ 45. Kd3 R2f3+
46. Kd4 R3f4+ 47. Re4 Rf1 48. d7 Rd1+ 49. Ke3 Re1+ 50. Kd3 Ref1 51. Rxf8+ Rxf8
52. Re8 1-0

[Event "División de Honor Aragonesa 2019 - Encuentros por tableros Global"]
[Site ""]
[Date "2019.03.16"]
[Round "8.22"]
[White "Lamas Mercadal, Manuel"]
[Black "Gella Lopez, Angel"]
[Result "0-1"]
[WhiteElo "2176"]
[BlackElo "2100"]
[PlyCount "0"]
[WhiteTeam "Delicias"]
[BlackTeam "Atletismo Huesca"]
[EventDate "2019.01.26"]

1. e4 c5 2. d4 cxd4 3. c3 Nf6 4. e5 Nd5 5. Nf3 e6 6. cxd4 b6 7. Nc3 Nxc3 8.
bxc3 Qc7 9. Bd2 Be7 10. Bd3 Ba6 11. Bxa6 Nxa6 12. O-O O-O 13. Rc1 Rac8 14. Re1
d6 15. Re4 dxe5 16. Nxe5 Nb8 17. Rg4 f5 18. Rg3 Nc6 19. Nd3 Bd6 20. Rh3 Qf7 21.
Re3 Rfe8 22. f4 Na5 23. Ne5 Bxe5 24. fxe5 Nc4 25. Rg3 Red8 26. Bg5 Rd5 27. Bf6
g6 28. Qe2 Nd6 29. Re3 Ne4 30. Rxe4 fxe4 31. Qxe4 Qd7 32. Qe3 b5 33. Rf1 b4 34.
cxb4 Rxd4 35. Qf3 Rd3 36. Qf4 Rd1 37. h3 Rxf1+ 38. Qxf1 Qd2 39. Qf3 Qxb4 40.
Kh2 Qd4 41. h4 Qd5 42. Qa3 Rc2 43. Qg3 Qe4 44. a3 h5 45. Qg5 Qg4 46. Qxg4 hxg4
47. Kg3 Rc3+ 48. Kxg4 Rxa3 49. Kf4 a5 50. g4 Rh3 51. Kg5 Kh7 52. Be7 a4 53. Kf6
Rxh4 54. Kxe6 Rxg4 55. Kf7 Rg3 56. e6 a3 57. Bf6 Re3 58. e7 a2 59. Bd4 Re4 60.
Kf6 g5 61. Be5 Rxe5 0-1